Spanisch Pflanzen - Statistiken

Allgemein
  • Dieses Quiz wurde 22 mal gespielt
  • Das Durchschnittsergebnis liegt bei 9 aus 130
Antwortstatistiken
Deutsch Spanisch % Korrekt
Der Baum el árbol
100%
Der Reis el arroz
33%
Der Baumstamm el tronco (de árbol)
33%
Die Akazie la acacia
33%
Das Blatt la hoja
33%
Die Palme la palma
33%
Die Wurzel la raíz/el radical
33%
Der Strauch el arbusto
17%
Das Gras/Die Gräser el pasto/las gramíneas/el zacate
17%
Die Birke el abedul
17%
Der Ilex/Die Stechpalme el acebo
17%
Der Ast el cepo/el gajo/la rama
17%
Die Chrysantheme el crisantemo
17%
Das Edelweiß el flor de nieve/el edelweiss/el leontopodio
17%
Der Zweig el/la ramo/rama
17%
Die Lärche el lárice/el alerce
17%
Der Apfelbaum el manzano
17%
Der Walnussbaum el nogal
17%
Der Olivenbaum el olivo
17%
Die Kiefer el pino
17%
Die Platane el plátano
17%
Die Eiche el roble
17%
Der Rhododendron el rododendro/la rosa de los alpes
17%
Der Weizen el trigo
17%
Die Tulpe el tulipán/la tulipa
17%
Die Lilie la azucena/el lirio
17%
Der Kohl la berza/el repollo/el col
17%
Die Kastanie la castaña
17%
Der Nadelbaum la conífera
17%
Die Steineiche la encina/la chaparra/la carrasca
17%
Der Dinkel la espelta/la escanda
17%
Die Fuchsie la fucsia
17%
Der Flieder la lila
17%
Die Myrrhe la mirra
17%
Die Myrte la murta/el mirto/el arrayán
17%
Die Orchidee la orquídea
17%
Die Dattelpalme (la palma) datilera
17%
Die Rose la rosa
17%
Der Mammutbaum la secoya/la secuoya
17%
Die Blüten las flores
17%
Der Lebensbaum la thuya/el árbol de la vida
17%
Der Affenbrotbaum el baobab
0%
Die japanische Zeder el cedro del japón/la criptomeria japonesa/ el sugi
0%
Das Schneeglöckchen el narciso de las nieves/ el campanillo de invierno
0%
Das Pampagras el plumero de la pampa/la cortadera/ el gimnerio
0%
Der Emmer la escanda almidonera/el trigo almidonero el farro
0%
Der Lavendel la lavanda/la alhucema/ el espliego/el lavandín
0%
Die Douglasie el abeto de douglas
0%
Der Bärlauch el ajo de oso
0%
Die Silberpappel el álamo blanco/el pobo
0%
Die Graupappel el álamo canescente
0%
Die Pappel el álamo/el chopo
0%
Der Aronstab el alcatraz/el aro
0%
Der Buchweizen el alforfón/el trigo sarraceno
0%
Der Johannisbrotbaum el algarrobo/el algarrobero
0%
Die Erle el aliso
0%
Die Aster el amelo
0%
Der Senfbaum el árbol cepillo de dientes
0%
Der Laubbaum el árbol de hoja caduca/el árbol frondoso
0%
Der Ahorn el arce
0%
Die Titanwurz el aro gigante/bunga bangkai
0%
Der Bambus el bambú/la cañaza
0%
Die Kresse el berro/el mastuerzo
0%
Der Buchsbaum el boj
0%
Der Zimtbaum el canelo/el acederaque/el cinamomo
0%
Der Schnittlauch el cebollín/el cebollino
0%
Der Roggen el centeno
0%
Der Kirschbaum el cerezo
0%
Die Zeder el cibui/el cedro
0%
Die Zypressen el ciprés
0%
Der Hartriegel el cornejo
0%
Der Krokus el croco
0%
Der Koriander el culantro/el cilantro
0%
Der Dill el eneldo/el aneldo/el abesón
0%
Die Erika el ericáceo
0%
Der Eukalyptus el eucalipto/el eucaliptus
0%
Die Wespen-Ragwurz el flor araña/la orquídea araña
0%
Die Esche el fresno común/el fresno europeo
0%
Die Geranie el geranio
0%
Der Ginkgo el ginkgo
0%
Der Johannisbeerstrauch el grosellero
0%
Die Buche el haya
0%
Die Rotbuche el haya común/el haya europeo
0%
Der Farn el helecho/el helechal
0%
Das Kraut el hierbajo/la hierba/el yuyo
0%
Die Kassia el huizache
0%
Der Ingwer el jengibre/el kion/la galanga
0%
Der Kirschlorbeer el laurel cerezo/el laurelceraso
0%
Die Lupine el lupino/el altramuz
0%
Die Hanfweide el mimbre/la mimbrera
0%
Der Maulbeerbaum (schwarze Beeren) el moral
0%
Das Moos el musgo/la briófita/la lama
0%
Die Seerose el nenúfar/la actina/el loto
0%
Die Ulme el olmo/el negrillo
0%
Das Stiefmütterchen el pensamiento
0%
Der Birnbaum el peral
0%
Die Petersilie el perejil
0%
Die Tanne el pinsapo/el abeto
0%
Der Rosmarin el romero
0%
Die Weide el sauce
0%
Die SIlberweide el sauce blanco/el salguero
0%
Die Fetthenne el sedo
0%
Der Tamarindenbaum el tamarindo
0%
Die Eibe el tejo
0%
Der Ginster el tojo/la aulaga/la retama/la genista
0%
Der Thymian el tomillo
0%
Der Klee el trébol
0%
Der Essigbaum el zumaque
0%
Das Basilikum la albahaca/la albaca
0%
Die Luzerne la alfalfa/la mielga
0%
Der Hafer la avena
0%
Die Gerste la cebada
0%
Das Johanniskraut la corazoncilla/el hipericón
0%
Das Kurkuma la cúrcuma
0%
Die Dahlie la dalia
0%
Der Rittersporn la espuela de caballero
0%
Der Wacholder la ginebra/el enebro/el junípero
0%
Die Glyzinie la glicinia/la glicina
0%
Der Efeu la hiedra/la yedra
0%
Das Gras/Der Rasen la hierba/el césped
0%
Die Espe la lamparilla/el álamo temblón
0%
Der Oleander la laurel rosa
0%
Der Goldregen la lluvia de oro/el citiso
0%
Die Magnolie la magnolia
0%
Die Minze la menta/la hierbabuena
0%
Der Maulbeerbaum (weiße Beeren) la morera
0%
Die Brennnessel la ortiga
0%
Die Fichte la pícea
0%
Die Robinie la robinia
0%
Der Salbei la salvia
0%
Keine übereinstimmenden Quizze gefunden
Verteilung der Resultate
Anzahl Personen mit jedem Resultat
Perzentil nach korrekt beantworteten Fragen
Ihre Resultats-Entwicklung
Sie haben dieses Quiz noch nicht gespielt